000 00619nam a2200217Ia 4500
005 20241129105839.0
008 241129s9999||||xx |||||||||||||| ||und||
020 _a978-81-8223-535-9
037 _aTB
040 _aARTS
_beng
_cARTS
041 _aeng
_2urd
084 _aO168,3N61,BR P9
_qARTS
100 _aRiyaz Tarannum Au.
_9193305
245 0 _aBarf aashnaa parindey
_cRiyaz Tarannum Au.
260 _aDelhi, India
_bEducational Publishing House
_c2004
300 _a544p.
365 _aINR
_b400
650 _aUrdu Fiction
_93298
942 _cTB
_hO168,3N61,BR P9
999 _c1226260
_d1226260